[Event "RUS-chT 12th"]
[Site "Sochi"]
[Date "2005.04.21"]
[Round "3"]
[White "Gelfand, Boris"]
[Black "Malakhov, Vladimir"]
[Result "1-0"]
[WhiteElo "2713"]
[BlackElo "2670"]
[Annotator "Gelfand,B"]
[PlyCount "99"]
[EventDate "2005.04.19"]
[EventType "team-tourn"]
[EventRounds "11"]
[EventCountry "RUS"]
[SourceTitle "EXT 2020"]
[Source "ChessBase"]
[SourceDate "2019.10.17"]
[SourceVersion "1"]
[SourceVersionDate "2019.10.17"]
[SourceQuality "1"]
[WhiteTeam "Samara Termosteps"]
[BlackTeam "Moscow Youth of"]
[WhiteTeamCountry "RUS"]
[BlackTeamCountry "RUS"]

1. d4 {Huebner,R} d5 2. c4 c6 3. Nc3 Nf6 4. Nf3 a6 5. a4 e6 6. Bg5 a5 7. e3 Be7
(7... Na6 $5) 8. Rc1 O-O (8... Na6 $5) 9. Bd3 Na6 10. O-O Nb4 11. Bb1 (11. Ne5)
11... b6 12. Qe2 Ba6 (12... dxc4 13. Ne5 Ba6 14. Nxc4 $14) 13. b3 Nd7 $146 (
13... Ne4 $5 14. Bf4 (14. Bxe4 Bxg5 15. Nxg5 Qxg5 16. f4 Qe7 17. Bb1 c5 18. Nb5
{1/2-1/2 Gladyszev,O-Prie,E/Creon 2003/CBM 95 ext (18)}) (14. Bxe7 Nxc3 15.
Rxc3 Qxe7) 14... Nxc3 15. Rxc3 c5 16. Ne5 f5 17. Rd1 Qe8 18. Rcc1 Rd8 19. h3
Bd6 20. dxc5 Bxc5 21. Qf3 dxc4 22. Nxc4 Rxd1+ 23. Qxd1 Qe7 $11 {David,A-Dunis,
A/French league 2005}) (13... c5) 14. Bf4 f5 15. Rfd1 (15. Na2 Rc8 16. Nxb4
Bxb4 17. Bd3 Bb7) 15... Bf6 $2 {'?!' Huebner,R. Huebner,R: 'Den Nutzen dieses
Zuges sehe ich nicht ein. Das Feld d6 wird schutzbedürftig, und der Läufer
steht auf f6 unwirksam. Es ist erstaunlich, daß Schwarz nun sofort in
ernsthafte Schwierigkeiten gerät: der Punkt c6 und die Kontrolle der c-Linie
werden ihm Ungelegenheiten bringen.'} (15... Rc8 {Huebner,R: 'sollte zum
Ausgleich genügen.'} 16. Na2 Nxa2 17. Qxa2 Bb4 18. Bd3 $14) 16. Na2 Qe7 {
'?' Huebner,R. Huebner,R: 'Schwarz sollte seinen Zug zurücknehmen:'} (16... Be7
{Huebner,R} 17. Nxb4 Bxb4 18. Bd3 Rc8 {Es ist wichtig, daß Schwarz
gelegentlich mit Lb4-a3 das Feld c1 kontrollieren kann.}) 17. Nxb4 Qxb4 18. Bd3
Rfc8 (18... Qxb3 19. Bd6 dxc4 20. Bc2 Qb2 21. Bxf8 Rxf8 (21... Nxf8 {Huebner,R}
22. e4 c3 23. Qe3 {sieht ungesund für Schwarz aus.}) (21... c3 {Huebner,R} 22.
Qe1 Nxf8 23. Bd3 {ist offensichtlich nicht gut für Schwarz.}) 22. e4 $16) 19.
cxd5 Bxd3 20. Qxd3 cxd5 21. Rc2 $1 {/\Rdc1,c-line} Qa3 {Huebner,R: 'Schwarz
verhindert Td1-c1, aber jetzt gehen ihm wirksame Züge aus. Außerdem kann Weiß
mit Lf4-c7 nebst Td1-c1 doch die c-Linie besetzen.'} 22. h3 Kf7 {'?!' Huebner,
R. Huebner,R: 'Die Zentralisierung des Königs ist mit Risiken verbunden.'} (
22... h6 {kommt in Betracht (Huebner,R).}) 23. g4 (23. Bc7 {(Huebner,R) ist
hier stark, denn nach} Bd8 24. Bxd8 Rxd8 25. Rc7 {kann Schwarz sich kaum mehr
retten.}) 23... g6 24. Kg2 (24. Kh2 $5 Ke8 25. gxf5 exf5 (25... gxf5 26. Rg1
Kf7 27. Qe2 $16 {xK}) 26. Rxc8+ (26. Ne5 Rxc2 27. Qxc2 Bxe5 28. dxe5 Qc5 29.
Qb2 Qc6 30. e6 Qxe6 31. Qh8+ Nf8 32. Bh6 Qd6+ 33. Kg1 Rc8 (33... Rd8 34. Rc1)
34. Qg8 Rc5) 26... Rxc8 27. Qa6 $1 $18) 24... Ke8 {Huebner,R: 'Hier und in den
folgenden Zügen verdient der Tausch auf g4 ernsthafte Erwägung. Die Pointe
davon ist, daß Weiß danach keine Möglichkeit mehr hat, sich im Endspiel am
Königsflügel mit dem König Zugang in die Stellung zu verschaffen, wie es in
der Partie geschah. Dennoch bleibt die Stellung des Schwarzen sehr ungemütlich,
zum Beispiel'} (24... fxg4 {Huebner,R} 25. hxg4 Qe7 (25... Kg8 26. Rdc1) 26.
Rdc1 Rxc2 27. Rxc2 {usw.}) 25. Rdd2 $1 (25. Rdc1 Qxc1 26. Rxc1 Rxc1 $14) 25...
Qe7 26. Rxc8+ {'?!' Huebner,R. Huebner,R: 'Dies entlastet Schwarz ein wenig.'}
(26. g5 Bg7 27. Bc7 {Huebner,R: 'verdienen Erwägung.'}) (26. Bc7 {Huebner,R
oder}) 26... Rxc8 27. Rc2 Qd8 28. Qd2 Nb8 (28... Be7 29. Qc1 Ba3 30. Rxc8 Bxc1
31. Rxd8+ Kxd8 32. Ng5 Nf8 33. Bd6 h6 34. Nf7+ Ke8 35. Nxh6 $16) (28... Nf8 29.
Qc1 Kd7 30. g5 $18) 29. Qc1 (29. g5 Be7 30. Qc1 Rxc2 31. Qxc2 $16) 29... Kd7 {
'?' Huebner,R. Huebner,R: 'Danach ist Schwarz definitiv verloren. Versucht
werden mußte'} (29... Rxc2 30. Qxc2 Kd7 (30... Nd7 31. Qc6 Kf7 32. Qb7) (30...
Kf7 {Huebner,R obwohl mir nicht klar ist, ob Schwarz die Stellung halten kann.}
) 31. g5 Bg7 32. Qe2 $1) 30. g5 Bh8 ({Huebner,R: Die Fortsetzung} 30... Bg7 31.
Be5 Rxc2 {Huebner,R} 32. Qxc2 Bxe5 33. Nxe5+ Ke8 34. f4 Kf8 35. h4 {dürfte auf
die Dauer auch hoffnungslos für Schwarz sein.}) 31. Rxc8 (31. Be5 Rxc2 32. Qxc2
Nc6) 31... Qxc8 32. Qxc8+ {Huebner,R: 'Dies genügt zum Gewinn. Noch einfacher
ist vielleicht'} (32. Qa3 {Huebner,R} Nc6 33. Qd6+ Ke8 34. Be5 Bxe5 35. Nxe5
Nxe5 36. dxe5 Kf7 37. Qxb6 {, und Weiß gewinnt ohne Mühe.}) 32... Kxc8 33. Bxb8
$3 Kxb8 34. h4 $18 Kc7 35. h5 gxh5 36. Kg3 Bg7 37. Kh4 Kd6 38. Kxh5 Bf8 $6 (
38... Ke7) 39. Ne5 (39. g6 $1 hxg6+ 40. Kxg6 $18) 39... Bg7 40. Nd3 Ke7 41. Ne5
Kd6 42. f4 $1 (42. Nf3 Ke7) 42... Ke7 (42... Bf8 43. g6 hxg6+ 44. Nxg6 (44.
Kxg6 Be7 45. Nf7+ Kd7 46. Ng5) 44... Bg7 45. Kg5 Kd7 46. Ne5+) 43. g6 hxg6+ (
43... h6 44. Nf7 Kf6 45. Nxh6 Ke7 46. Nf7 Kd7 47. Kg5 Ke7 48. Ne5 Kd6 49. Nf3
Ke7 50. Ng1 Kd6 51. Ne2 Ke7 52. Ng3 $18) 44. Kxg6 Bh8 (44... Bf8 45. Nf3 Kd7
46. Kf7 Bb4 47. Ng5 $18) 45. Nf7 {Huebner,R: 'Zum Gewinn führt auch'} (45. Kh7
{Huebner,R} Bf6 46. Kg8 Ke8 47. Ng6 Bd8 48. Kg7 {usw.}) 45... Bf6 46. Ng5 Bh8
47. Nh7 Ke8 48. Nf6+ Kf8 49. Nh5 Kg8 50. Kh6 (50. Kh6 Kf7 51. Kh7 Bf6 52. Nxf6
Kxf6 53. Kg8 Ke7 54. Kg7 $22) 1-0

[Event "Pamplona 14th"]
[Site "Pamplona"]
[Date "2004.12.28"]
[Round "6"]
[White "Gelfand, Boris"]
[Black "De la Riva Aguado, Oscar"]
[Result "1-0"]
[WhiteElo "2693"]
[BlackElo "2528"]
[Annotator "Gelfand,B"]
[PlyCount "91"]
[EventDate "2004.12.22"]
[EventType "tourn"]
[EventRounds "7"]
[EventCountry "ESP"]
[EventCategory "16"]
[SourceTitle "CBM 105"]
[Source "ChessBase"]
[SourceDate "2005.04.11"]
[SourceVersion "1"]
[SourceVersionDate "2005.04.11"]
[SourceQuality "1"]

1. d4 d5 2. c4 c6 3. Nc3 Nf6 4. Nf3 a6 5. c5 Nbd7 6. Bf4 Nh5 7. Bd2 g6 8. e4
dxe4 9. Nxe4 Ndf6 10. Nxf6+ Nxf6 11. Bc4 Bg7 12. Qb3 O-O 13. O-O Nd5 (13... Bg4
14. Ne5 Qxd4 15. Bc3 Qxc5 16. Rfe1 Nd5 17. Nxg4 Nxc3 18. bxc3 b5 19. Be2 Qxc3 (
19... h5 20. Ne3 Qxc3) 20. Nh6+ {1-0 Lautier,J-Malakhov,V/Poikovsky 2004}) (
13... Ra7) (13... Qc7 {-67/464}) 14. h3 (14. Rfe1 $5 Bg4 $140 15. Ne5 Bxe5 16.
Rxe5) 14... Rb8 (14... a5 15. Rfe1 $140 (15. a4 $5) 15... a4 16. Qa3 Be6) (
14... b5 $6 15. cxb6 Nxb6 16. Ba5) 15. Rae1 $1 $146 (15. Rfe1 Be6 16. Qa3 Nc7
17. Bf1 Nb5 18. Bxb5 axb5 19. Bf4 Ra8 $11 {Santos,A-Velicka,P,Portugal,2004}) (
15. Bxd5 Qxd5 16. Qxd5 cxd5 17. Bf4 Ra8 18. Rfe1 Re8 $11) 15... Be6 (15... Bd7
16. Bxd5 cxd5 17. Bf4 Rc8 18. Qxb7 $16) 16. Ng5 Bf5 17. g4 Bd7 18. Qg3 h6 (
18... Bf6 19. Qh4 Bxg5 20. Bxg5 $16) (18... b6 19. cxb6 Qxb6 20. Qh4 h6 21. Nf3
g5 22. Bxg5 hxg5 23. Nxg5 $40) (18... Bxd4 $4 19. Bxd5 cxd5 20. Qh4) 19. Nf3 e6
(19... b6 20. b3) (19... Be6 20. Qh4) 20. Ne5 Be8 21. Bd3 $6 (21. f4 $1 f6 (
21... b6 22. b3) 22. Nf3 Bf7 23. g5 (23. f5 exf5 24. gxf5 g5 $13) 23... b6 24.
cxb6 (24. f5 exf5 25. gxh6 Bh8) 24... Qxb6 25. b3 $16) 21... b6 22. Nc4 bxc5 $2
(22... Kh7 $1 23. Nxb6 (23. cxb6 Bxd4) 23... Nxb6 24. Ba5 Bxd4 25. Bxb6 Rxb6
26. cxb6 Qxb6 $44) 23. Ba5 Qc8 24. dxc5 $16 e5 25. b3 f6 (25... Nf4 26. Nd6 (
26. Nxe5 Nxd3 27. Qxd3 $16) 26... Qd7 27. Bc3) 26. Nd6 Qd7 27. Bd2 Bf7 28. f4 (
28. Be4 $5) 28... exf4 (28... Qa7 29. fxe5 (29. Rc1) 29... fxe5 30. Rc1 $16)
29. Bxf4 Rb4 30. Bd2 (30. Bc4 Nxf4 31. Bxf7+ Rxf7 32. Rxf4 (32. Nxf7 $140 Qd4+)
32... Rxf4 33. Qxf4 Re7 $14) 30... Rd4 31. Re4 $2 (31. Rf3 $1 Qa7 (31... Be6
32. Qg2) 32. Qf2 Qxc5 33. Nxf7 Rxf7 (33... Kxf7 34. Re4) 34. Bxg6 $18) 31...
Rxe4 32. Bxe4 Qa7 33. b4 Rd8 (33... a5 34. Nxf7 Qxf7 35. bxa5 $16) 34. Kh2 a5
$2 (34... Bf8 $1 35. Bxd5 (35. Nxf7 Qxf7 $14) 35... Bxd5 36. Rxf6 Qe7 $132) 35.
bxa5 (35. a3 axb4 36. axb4 Bf8) 35... Qxc5 36. Nxf7 (36. Nb7 Qb5 37. Nxd8 Qxf1
$14) 36... Kxf7 37. Qd3 $18 f5 38. gxf5 Be5+ 39. Kh1 g5 40. f6 Rd6 $5 (40...
Bxf6 41. a6) 41. a6 (41. Bg2 Rxf6 42. Qh7+ Ke8 43. Re1 $18) 41... Nxf6 (41...
Nf4 42. Qb3+ Kxf6 43. Be3) 42. Be3 (42. Qb3+ Kg7 43. Bb4 Qb5 (43... Qd4 44.
Bxd6 Qxe4+ 45. Qf3) 44. Bg2 Rd7 45. Qe6) 42... Bd4 (42... Rxd3 43. Bxc5 Rxh3+
44. Kg1 $18) 43. Bxd4 Rxd4 44. Qb3+ (44. Qf3 Rd6 45. Qh5+ Ke7 46. Qxh6 $18)
44... Kg7 45. Qe6 Qf8 (45... Rxe4 46. Qxf6+ Kh7 47. Qf7+ Kh8 48. a7) 46. a7 $4
$138 {time} (46. a7 Ra4 47. Qf5 Qf7 $11) (46. Bxc6 Rd6 47. Qb3 $1 $18 (47. Rxf6
$2 Qxf6 48. Qxf6+ Kxf6 49. a7 Rd1+ 50. Kh2 Rd2+ 51. Kg3 Rxa2 52. a8=Q Rxa8 53.
Bxa8 h5 $11)) (46. Qxc6 Qe7 47. a7 (47. Bg2 Rd6 48. Qxd6 Qxd6 49. a7 Nh5 50.
a8=Q Ng3+ 51. Kg1) 47... Nxe4 48. a8=Q Ng3+ 49. Kg2 Nxf1 50. Qab7 Ne3+ 51. Kf3
$18 (51. Kg1 Rd1+ 52. Kf2 Ng4+ $1 53. hxg4 Rd2+ $44)) 1-0

[Event "Groningen"]
[Site "Groningen"]
[Date "1994.??.??"]
[Round "8"]
[White "Georgiev, Kiril"]
[Black "Hodgson, Julian M"]
[Result "1-0"]
[WhiteElo "2615"]
[BlackElo "2580"]
[Annotator "Georgiev,Ki"]
[PlyCount "123"]
[EventDate "1994.12.??"]
[EventType "tourn"]
[EventRounds "11"]
[EventCountry "NED"]
[EventCategory "15"]
[SourceTitle "CBM 045"]
[Source "ChessBase"]
[SourceDate "1995.04.01"]
[SourceVersion "1"]
[SourceVersionDate "1995.04.01"]
[SourceQuality "1"]

1. d4 Nf6 2. Nf3 d5 3. c4 c6 4. Nc3 a6 5. c5 Bf5 6. Bf4 e6 7. e3 Be7 8. h3 Nbd7
9. Be2 Ne4 10. O-O O-O 11. Qb3 Qc8 12. Rfd1 Re8 (12... Nxc3 13. bxc3 Re8 14. c4
$14) 13. Na4 h6 (13... Bd8 14. Ne5 Nef6 15. Nxd7 Nxd7 16. Nb6 Bxb6 17. cxb6 e5
18. dxe5 Nxe5 19. Rac1 $14) 14. Ne5 Nef6 15. Rac1 Bd8 16. Nb6 Bxb6 (16... Nxb6
17. cxb6 Re7 (17... Be7 $2 18. Nxc6 $1 bxc6 19. b7 $18) 18. a4 a5 19. Rc3 $14 {
/\Rfc1}) 17. cxb6 Nxe5 (17... Qd8 18. Nxc6 $1 bxc6 19. b7 Rb8 20. Rxc6 e5 $1
21. Bh2 Re6 22. Rdc1 Rxc6 23. Rxc6 $16 {/\Ba6,Rc8}) 18. Bxe5 Qd8 (18... Nd7 19.
Bc7 e5 20. Bf1 exd4 21. Rxd4 Ne5 22. Qc3 $16 {/\b4,a4}) 19. Bc7 Qe7 20. Bf1 Nd7
21. Qa4 Qg5 22. Kh1 Qh4 23. Rd2 e5 24. Qd1 e4 (24... Re6 $142 25. b4 Rae8 26.
a4 (26. dxe5 Nxe5 27. Rd4 Qf6 28. a4 $14) 26... exd4 27. Rxd4 Re4 28. b5 $36)
25. b4 Re6 26. Qe1 Qg5 27. Be2 Qe7 28. Rb2 Nf6 29. Qc3 Ne8 30. Bg3 Nd6 31. Qc5
(31. Bxd6 $6 Rxd6 32. a4 Bd7 $10) 31... Rg6 32. a4 Rd8 33. Rbc2 (33. b5 cxb5
34. axb5 Rc8 (34... axb5 35. Qxd5 Nc4 36. Qxf5 Nxb2 37. Rc7 $16) 35. bxa6 $1
Rxc5 36. dxc5 Nc4 37. a7 Qe8 38. Ra2 Qa8 39. Bb8 $18) 33... Be6 34. Kh2 Qg5 35.
Rg1 Nc4 36. Bf4 Qh4 37. Bg3 Qg5 38. h4 $14 Qf6 39. Rf1 (39. Bh5 Rxg3 40. Kxg3 (
40. fxg3 Nxe3 $15) 40... Nd6 41. Rh1 Nf5+ 42. Kh2 Nxe3 43. fxe3 Qxh4+ $10)
39... Bg4 40. Bxc4 dxc4 41. Qxc4 $16 Rd5 42. Rh1 Qd8 43. a5 Qe7 44. Qb3 Be6 45.
Qb1 Rh5 46. Rc5 Bd5 47. Qd1 Rf5 48. h5 Rgg5 49. Kg1 Qe6 (49... Qd7 50. Bf4 Rxf4
51. exf4 $16) 50. Bf4 Bb3 $8 51. Qb1 Rxc5 52. dxc5 Rf5 53. Rh4 Qc4 {[#]} (53...
Bc4 54. Bg3 Bd3 55. Qb2 Qd5 $10) 54. b5 Qd3 $2 (54... Qxb5 55. Qxe4 Qxc5 56.
Qe8+ Kh7 57. Qd7 $13) (54... cxb5 55. c6 $3 Bc2 56. Qxc2 $3 Qxc2 57. cxb7 $18)
(54... axb5 55. a6 $18) 55. Qxd3 exd3 56. bxa6 d2 57. axb7 d1=Q+ 58. Kh2 Rxh5
59. b8=Q+ Kh7 60. Bg3 g5 61. b7 Bd5 62. e4 (62. e4 Bxe4 63. Qe8 $18) 1-0

[Event "Gibraltar Masters"]
[Site "Caleta"]
[Date "2005.02.03"]
[Round "10"]
[White "Georgiev, Kiril"]
[Black "Erenburg, Sergey"]
[Result "1-0"]
[WhiteElo "2654"]
[BlackElo "2551"]
[Annotator "Georgiev,Ki"]
[PlyCount "103"]
[EventDate "2005.01.25"]
[EventType "swiss"]
[EventRounds "10"]
[EventCountry "GGB"]
[SourceTitle "CBM 104 Extra"]
[Source "ChessBase"]
[SourceDate "2005.03.01"]
[SourceVersion "1"]
[SourceVersionDate "2005.03.01"]
[SourceQuality "1"]

1. d4 d5 2. c4 c6 3. Nf3 Nf6 4. Nc3 a6 5. e3 b5 6. c5 Nbd7 7. b4 a5 8. bxa5
Qxa5 9. Bd2 b4 10. Nb1 Ne4 11. a3 $5 $146 (11. Be2 {Dreev}) 11... Nxd2 12.
Nfxd2 Rb8 (12... e5 13. Nb3 Qa4 14. axb4 Qxb4+ 15. N1d2 $14) 13. Be2 e5 14. O-O
Be7 15. Nb3 Qc7 16. a4 $1 {[%csl Rb4][%cal Ga4a5,Ga1a4,Ga4b4] /\a5, Ra4 ><b4, /
\a6} O-O 17. a5 Nf6 (17... e4 $5 {/\f5-f4; /\Nf6, g6, h5} 18. N1d2 f5 (18...
Nf6 $5) 19. f4 exf3 20. Nxf3 $14) 18. Ra4 Bf5 (18... Ne4 19. Qe1 $1 $16) 19.
N1d2 Rfe8 20. a6 exd4 21. exd4 Bd8 (21... Bf8 $1 22. Re1 h5 $1 {/\g6, Bh6 <=>})
22. Re1 Qe7 $6 (22... Qd7 $142 {[%cal Gd8c7] /\Bc7}) 23. Nf1 $1 {[%cal Gf1e3]}
Ne4 $6 (23... Bc7 $142 24. Ra1 Qd7) 24. Bd3 {[%cal Gf2f3] /\f3+-} Be6 25. Bxe4
dxe4 26. Rxe4 Qd7 27. h3 $16 Bf6 28. Nfd2 Ra8 29. Qf1 $1 (29. Rxb4 $2 Rxa6 $13)
29... Reb8 30. Nc4 Bd8 (30... Qd5 31. Nbd2 Bxd4 32. a7 $1 $18) 31. Re3 g6 (
31... h6 $5 32. Qe2 {[%cal Gc4b6] /\Nb6+/-}) 32. Nca5 $6 (32. Qe2 $142) 32...
Bc7 33. Qe2 Ra7 $6 (33... Qd5 $142) 34. Nc4 Qd5 35. Nb6 $3 Bxb6 36. cxb6 Rxb6
37. Nc5 Qxd4 (37... b3 38. Qb2 $18) 38. Nxe6 fxe6 39. Rxe6 Rb8 $8 40. Rxc6 Qd5
41. Rc4 b3 42. Rab4 Rba8 43. Rb6 Rd8 44. Rcb4 Qd1+ 45. Qxd1 Rxd1+ 46. Kh2 Rf7
47. Ra4 Rd8 48. Rxb3 Rxf2 49. a7 Rff8 50. Rb7 Rc8 51. Rab4 Ra8 52. Rc7 1-0

[Event "Olympiad-33"]
[Site "Elista"]
[Date "1998.10.04"]
[Round "6.2"]
[White "Georgiev, Kiril"]
[Black "Bacrot, Etienne"]
[Result "1-0"]
[WhiteElo "2660"]
[BlackElo "2555"]
[Annotator "Georgiev,Ki/Kostakiev,D"]
[PlyCount "73"]
[EventDate "1998.09.29"]
[EventType "team-swiss"]
[EventRounds "13"]
[EventCountry "RUS"]
[SourceTitle "CBM 068"]
[Source "ChessBase"]
[SourceDate "1999.02.01"]
[SourceVersion "1"]
[SourceVersionDate "1999.02.01"]
[SourceQuality "1"]
[WhiteTeam "Bulgaria"]
[BlackTeam "France"]
[WhiteTeamCountry "BUL"]
[BlackTeamCountry "FRA"]

1. d4 d5 2. c4 c6 3. Nf3 Nf6 4. Nc3 e6 5. Qb3 a6 6. Bg5 Be7 7. e3 O-O 8. Rc1
Nbd7 9. cxd5 exd5 (9... Nxd5 10. Bxe7 Qxe7 11. Bd3 $14) 10. Bd3 Ne4 (10... Re8
11. O-O Nf8 12. Na4 $14) 11. Bf4 $1 $146 (11. Bxe7 Qxe7 12. Bxe4 dxe4 13. Nd2
Nf6 14. O-O Rd8 15. Qc2 {0-1 Geisler Robert-Salzenberg Dirk/Bundesliga nd)
North 1996 (64)}) 11... Ng5 12. Nxg5 (12. Nd2 Ne6 13. Bg3 $14) 12... Bxg5 13.
Bg3 Re8 14. O-O Bh4 15. Bf4 Nb6 $6 {[#]} 16. Nb1 $1 {[/\Nd2-f3]} Bg4 (16... Nd7
$142 17. Nd2 Nf8 18. Nf3 $14) 17. Nd2 Bh5 $6 (17... Ra7 {[>=Nd7]}) 18. Nf3 {
~/\ (Simillar /\) Ki.Georgiev-Lobron ol 1988} Bxf3 19. gxf3 $16 g6 20. Bg3 Bf6
21. Kg2 a5 22. a4 Be7 23. Rh1 Bb4 24. h4 h5 25. Bf4 $18 Kh7 (25... Be7 26. Rcg1
Bf6 27. Kf1 Bg7 28. Bg5 Qc7 29. f4 f6 30. Bxg6 $1) (25... Nd7) 26. e4 $142 Qf6
27. Bg5 Qe6 28. e5 Rac8 (28... c5 $40 29. Qd1 cxd4 30. f4 $1 $18 {[/\f4-f5]})
29. Qd1 Nc4 30. Rc2 c5 31. f4 cxd4 32. Qxh5+ Kg8 33. Qf3 Be7 34. f5 Qxe5 35.
Re2 Qd6 36. Rhe1 f6 37. fxg6 1-0

[Event "ISR-ch"]
[Site "Tel Aviv"]
[Date "2002.11.26"]
[Round "2"]
[White "Gershon, Alik"]
[Black "Kundin, Alexander"]
[Result "1-0"]
[WhiteElo "2562"]
[BlackElo "2429"]
[Annotator "Gershon,A"]
[PlyCount "67"]
[EventDate "2002.11.24"]
[EventType "swiss"]
[EventRounds "9"]
[EventCountry "ISR"]
[SourceTitle "CBM 093"]
[Source "ChessBase"]
[SourceDate "2003.04.01"]
[SourceVersion "1"]
[SourceVersionDate "2003.04.01"]
[SourceQuality "1"]

1. d4 d5 2. c4 c6 3. Nf3 Nf6 4. Nc3 a6 5. a4 e6 6. Bg5 Nbd7 7. cxd5 exd5 8. e3
a5 9. Bd3 Be7 10. Qc2 O-O 11. O-O Re8 12. Rae1 Nf8 13. Ne5 Ng4 14. Bxe7 Rxe7
15. f4 f6 16. Nxg4 Bxg4 17. Qf2 Bh5 $2 {black must keep the bishop on g4 until
white plays f5, or h3. The text allows white to begin the K side attack
without closing the b1-h7 diagonal with f4-f5.} (17... Qb6 18. h3 Be6 19. g4
Rae8 20. Re2 Qa7 21. Kh1 b6 22. Qf3 Bc8 23. h4 {1/2-1/2 Khalifman,
A-Keitlinghaus,L/Germany 1998/GER-chT (23).}) (17... Qd7 18. f5 Bh5 19. Qh4 Bf7
20. g4 Qd6 21. Rf3 Rae8 22. Re2 c5 $132 {1/2-1/2 Yevseev,D-Kornev,A/Kazan 2001/
CBM 86 no vc (47)}) 18. Kh1 Bf7 (18... Bg6 19. f5 Bf7 20. g4 {would have been
better for black, but still losing time, compared to the alternative.}) 19. g4
Qd6 20. Rg1 {g4-g5 is already a threat, whereas black has no counterplay} g6 (
20... Rae8 21. g5 fxg5 22. Rxg5 $16 {[%cal Gg5g3,Ge1g1]}) 21. h4 Rae8 22. Rg3
c5 23. Nb5 $1 Qb6 24. Rf1 {in case of the 'f' file opening, and protecting the
Q.} cxd4 25. exd4 $16 {/+-} Kh8 $1 {probably the only move black had to
prevent an immediate opening of the K side.} (25... Ne6 26. f5) (25... Rc8 26.
h5 $18) 26. Rfg1 (26. h5 $2 gxh5 27. gxh5 (27. f5 $5 hxg4 (27... h4 28. Rh3)
28. Rxg4 Re3 $132) 27... f5 $1 {with this pawn sacrifice black brings the Q
back to the game, and now the white king proves to be weak} 28. Rfg1 Qh6 29.
Rg5 Re3 $40) 26... Ne6 27. f5 Ng7 28. Qf4 $2 (28. h5 $142 $1 {looked better,
but too messy. I got a bit greedy, and wanted a clean win....} gxh5 (28... g5
29. h6 {[%csl Rg7] and the knight gets caught}) 29. g5 h4 30. Rh3 Nh5 31. g6 {
winning}) 28... gxf5 29. Qh6 Re1 30. g5 $2 {At this point I got attracted by a
nice R sac, which eventually worked, but had black played the best defence,
white is in trouble.} ({it seems that white should have been satisfied with a
small plus here.} 30. Bxf5 Nxf5 31. gxf5 Rxg1+ 32. Rxg1 Rg8 33. Re1 $14) (30.
Rxe1 Rxe1+ 31. Kh2 Qd8 32. Bxf5 (32. g5 Bg6) 32... Re2+ 33. Kg1 Bg8 {and white
is the one in trouble here.}) 30... Nh5 $2 {returning the favor} ({after the
simple:} 30... Bg6 31. Kh2 Rxg1 32. Rxg1 Qd8 {white is just a pawn down,
without any real compensation}) 31. Rxe1 $1 Nxg3+ $2 $138 {after this black is
losing by force} (31... Rxe1+ $8 32. Kh2 Qe6 {would lead to a very nice draw
by perpertual} (32... Nxg3 {-game}) (32... Qd8 33. Bxf5 Re2+ 34. Kg1 Re1+ 35.
Kg2 $1 (35. Kf2 Rf1+ $1 $19) 35... Nf4+ 36. Kf2 Re2+ 37. Kf1 $18) 33. g6 (33.
gxf6 Rh1+ 34. Kg2 Rg1+ $1 35. Kxg1 Qe1+ 36. Bf1 Qxg3+ $17) 33... Rh1+ (33...
Bxg6 34. Rxg6 $18) 34. Kg2 Rg1+ 35. Kh2) 32. Kh2 Rxe1 (32... Ne4 33. Bxe4 fxe4
34. gxf6 Rg8 35. Rg1 Qd8 $8 36. Rg7 Bg6 37. h5 Bf5 38. Rxg8+ Qxg8 39. Nd6 $18 {
[%cal Gf6f7]}) 33. g6 $1 {black cannot defend from two different mate threats:
Qh7 and Qf8,g7#} Rh1+ 34. Kg2 (34. Kxg3 $4 Rg1+ 35. Kh2 Rxg6) 1-0

[Event "ISR-ch"]
[Site "Tel Aviv"]
[Date "2002.11.29"]
[Round "5"]
[White "Greenfeld, Alon"]
[Black "Gofshtein, Leonid D"]
[Result "1/2-1/2"]
[WhiteElo "2553"]
[BlackElo "2519"]
[Annotator "Gofshtein,L"]
[PlyCount "62"]
[EventDate "2002.11.24"]
[EventType "swiss"]
[EventRounds "9"]
[EventCountry "ISR"]
[SourceTitle "CBM 093"]
[Source "ChessBase"]
[SourceDate "2003.04.01"]
[SourceVersion "1"]
[SourceVersionDate "2003.04.01"]
[SourceQuality "1"]

1. Nf3 Nf6 2. c4 c6 3. Nc3 d5 4. d4 a6 5. a4 e6 6. Bg5 Be7 {Black has choice
in this position.Another possibility are:} (6... Bb4 7. e3 Qa5 8. Bxf6 Bxc3+ 9.
bxc3 Qxc3+ 10. Nd2 gxf6 11. cxd5 exd5 12. Be2 $44 {1/2-1/2 Vaganian,R-Volkov,S/
Moscow 2002/CBM 88 (82)}) (6... a5 7. e3 Be7 8. Be2 O-O 9. O-O Na6 10. Ne5 Nb4
11. Qb3 Nd7 12. Bxe7 Qxe7 $132 {1/2-1/2 Kramnik,V-Bacrot,E/Paris FRA 2002/The
Week in Chess 399 (24)}) 7. a5 $6 {White lost time.White would have more
chances for my opinion after 7.e3} (7. e3 Nbd7 8. Bd3 O-O 9. O-O h6 10. Bh4 b6
11. Qe2 Bb7 12. Rfd1 a5 13. Rac1 Nh5 14. Bxe7 $14 {1/2-1/2 Lavrov,S-Rustemov,A/
Tomsk RUS 2001/The Week in Chess 341 (60)}) 7... Nbd7 8. e3 O-O 9. Be2 (9. Bd3
h6 10. Bh4 dxc4 11. Bxc4 Nd5 12. Bxe7 Qxe7 13. O-O Nxc3 14. bxc3 e5 $16 {
1/2-1/2 Blackburn,J-Berry,N/Scarborough 2001/CBM 83 ext (22)}) 9... dxc4 10.
Bxc4 {After this logical move black equalizes seasily. 10.Ne5 is intresting
but nothing clear there:} (10. Ne5 $5 h6 (10... c5 11. Nxc4) 11. Bh4 Nxe5 12.
dxe5 Nd7 13. Bxe7 Qxe7 14. Qd6 Qxd6 (14... Qg5 $5 15. f4 Qxg2 16. O-O-O Qh3)
15. exd6 Rd8 16. O-O b5 17. axb6 Rb8 18. Rfd1 Rxb6 19. Bxc4 Ne5 20. Be2 Rxb2
21. Bxa6 Bxa6 22. Rxa6 Rc2 $132 {1/2-1/2 Krush,I-Zhu Chen/New Delhi IND 2000/
The Week in Chess 317 (39)}) 10... c5 11. dxc5 (11. O-O b5 12. axb6 Nxb6 13.
Bb3 cxd4 14. Qxd4 Bb7 $11) 11... Nxc5 12. Qe2 Nfe4 13. Bxe7 Qxe7 14. Nxe4 Nxe4
15. O-O Bd7 16. Ne5 Rfd8 17. Nxd7 Rxd7 18. Rfd1 Rad8 $15 {Black has small edge
now ,but not easy to reach any progress;} 19. Qc2 Nf6 20. Be2 g6 21. Rxd7 Rxd7
22. Bf3 {White offered draw at this moment; But black declined it since white
has weaknesses on the queenside and black was in some time-pressure;} e5 23. g3
Qb4 {Black keeps some advantage, but again there is no way to increase it;} (
23... e4 24. Bg2 Rc7 25. Qd2) 24. Qc3 $5 {After the trade of queen, white gets
some counterplay which compensates weaknesses over the queenside;} Qxc3 25.
bxc3 e4 26. Bg2 Kf8 (26... Rd3 27. Rb1 Rd5 28. Rxb7 Rxa5 29. Bf1 $132) (26...
Kg7 27. Kf1 $11) 27. g4 $5 {The idea is to open up the position and to make
its bishop active;} h6 28. h3 Rc7 29. Rb1 Ke7 (29... Rc5 30. Rxb7 Rxa5 31. Bf1)
30. Rb4 Kd7 31. h4 g5 1/2-1/2